Southville International School and Colleges
Your cart is empty.
  • Cart
  • Lists
    Public lists Eva Luna New books Lux_list list_1
    Your lists Log in to create your own lists
  • Log in to your account
  • Your cookies
  • Search history
Southville International School and Colleges
  • Advanced search
  • Recent comments
  • Most popular
  • Libraries

Log in to your account

Log in with GOOGLE


If you do not have an external account, but do have a local account, you can still log in:

  1. Home
  2. MARC view: Giants don't go snowboarding /
Normal view MARC view ISBD view

Giants don't go snowboarding / (Record no. 34180)

[ view plain ]
MARC details
000 -LEADER
fixed length control field 01023cam a22003253a 4500
001 - CONTROL NUMBER
control field 16386978
003 - CONTROL NUMBER IDENTIFIER
control field OSt
005 - DATE AND TIME OF LATEST TRANSACTION
control field 20190712132835.0
008 - FIXED-LENGTH DATA ELEMENTS--GENERAL INFORMATION
fixed length control field 971210s1997 xxu 000 1 eng
010 ## - LIBRARY OF CONGRESS CONTROL NUMBER
LC control number 97811463
020 ## - INTERNATIONAL STANDARD BOOK NUMBER
International Standard Book Number 0590212443
035 ## - SYSTEM CONTROL NUMBER
System control number (DLC) 97811463
040 ## - CATALOGING SOURCE
Original cataloging agency DLC
Transcribing agency DLC
Modifying agency DLC
050 00 - LIBRARY OF CONGRESS CALL NUMBER
Classification number PZ 7
Item number .D121Gi 1998
100 1# - MAIN ENTRY--PERSONAL NAME
Personal name Dadey, Debbie.
9 (RLIN) 4137
245 14 - TITLE STATEMENT
Title Giants don't go snowboarding /
Statement of responsibility, etc by Debbie Dadey and Marcia Thornton Jones.
260 ## - PUBLICATION, DISTRIBUTION, ETC. (IMPRINT)
Place of publication, distribution, etc New York :
Name of publisher, distributor, etc Scholastic,
Date of publication, distribution, etc c1997.
300 ## - PHYSICAL DESCRIPTION
Extent 119 p.
440 ## - SERIES STATEMENT/ADDED ENTRY--TITLE
Title The Adventures of the Bailey School Kids
490 0# - SERIES STATEMENT
Series statement The Adventures of the Bailey school kids
526 ## - STUDY PROGRAM INFORMATION NOTE
Reading level 600
655 #7 - INDEX TERM--GENRE/FORM
Genre/form data or focus term Young adult fiction.
Source of term lcsh
9 (RLIN) 3735
655 #7 - INDEX TERM--GENRE/FORM
Genre/form data or focus term Adventure fiction.
Source of term gsafd
9 (RLIN) 3061
700 1# - ADDED ENTRY--PERSONAL NAME
Personal name Jones, Marcia
Fuller form of name (Marcia Thornton)
9 (RLIN) 26486
710 2# - ADDED ENTRY--CORPORATE NAME
Corporate name or jurisdiction name as entry element Copyright Paperback Collection (Library of Congress)
Institution to which field applies DLC
9 (RLIN) 705
906 ## - LOCAL DATA ELEMENT F, LDF (RLIN)
a 7
b cbc
c orignew
d 2
e ncip
f 19
g y-genrareb
942 ## - ADDED ENTRY ELEMENTS (KOHA)
Source of classification or shelving scheme Library of Congress Classification
Koha item type Books
Holdings
Withdrawn status Lost status Source of classification or shelving scheme Damaged status Home library Current library Shelving location Date acquired Total Checkouts Full call number Barcode Date last seen Copy number Price effective from Koha item type
    Library of Congress Classification   Luxembourg Library Luxembourg Library Scholastic Reading Center Section 10/08/2013   PZ 7 .D121Gi 1998 LEX2138 04/18/2017 1 10/08/2013 Books
    Library of Congress Classification   Luxembourg Library Luxembourg Library Scholastic Reading Center Section 10/08/2013   PZ 7 .D121Gi 1998 LEX2137 04/18/2017 2 10/08/2013 Books

Giants don't go snowboarding /

APA

Dadey D., Jones M. & Copyright Paperback Collection (Library of Congress). (1997). Giants don't go snowboarding. New York: Scholastic.

Chicago

Dadey Debbie, Jones Marcia and Copyright Paperback Collection (Library of Congress). 1997. Giants don't go snowboarding. New York: Scholastic.

Harvard

Dadey D., Jones M. and Copyright Paperback Collection (Library of Congress). (1997). Giants don't go snowboarding. New York: Scholastic.

MLA

Dadey Debbie, Jones Marcia and Copyright Paperback Collection (Library of Congress). Giants don't go snowboarding. New York: Scholastic. 1997.

  • Place hold
  • Print
  • Cite
  • Add to your cart (remove)
  • Save record
    BIBTEX Dublin Core MARCXML MARC (non-Unicode/MARC-8) MARC (Unicode/UTF-8) MARC (Unicode/UTF-8, Standard) MODS (XML) RIS
  • More searches
    Search for this title in:
    Other Libraries (WorldCat) Other Databases (Google Scholar) Online Stores (Bookfinder.com) Open Library (openlibrary.org)

Exporting to Dublin Core...

SOUTHVILLE LIBRARY

Southville International School and Colleges Library

1281 Tropical Ave. Cor. Luxembourg St., BF Homes International, Las Pinas City

Tel. No. 8256374 / 252358 Loc. 117/146

Powered by Koha